Sports Quiz

Random Sports or Athletes Quiz

6+ Olympic Golds Quiz Stats

 Plays Quiz Retired Jul 23, 2021

     
Support Sporcle.
Go Orange.
Score 0/39 Timer 08:00
0 Plays Today
Gold Medals Athlete % Correct
23Michael Phelps
95.9%
8Usain Bolt
67%
9Mark Spitz
57.6%
9Carl Lewis
40.3%
6Chris Hoy
22.2%
6Ryan Lochte
21.5%
6Jason Kenny
11.1%
8Ole Einar Bjørndalen
10%
6Allyson Felix
9%
8Marit Bjørgen
7.6%
9Paavo Nurmi
7.4%
6Nedo Nadi
7%
8Jenny Thompson
5.3%
8Matt Biondi
5.1%
8Bjørn Dæhlie
4.8%
9Larissa Latynina
4.7%
6Valentina Vezzali
3.4%
6Isabell Werth
3.2%
8Birgit Fischer
2.9%
6Viktor Ahn
2.8%
Gold Medals Athlete % Correct
10Ray Ewry
2.6%
6Vitaly Scherbo
2.4%
6Kristin Otto
2.3%
8Sawao Kato
2.1%
7Věra Čáslavská
1.9%
6Amy Van Dyken
1.8%
7Nikolay Andrianov
1.7%
7Aladár Gerevich
1.5%
7Boris Shakhlin
1.4%
6Edoardo Mangiarotti
1.3%
6Pál Kovács
1.3%
6Hubert Van Innis
1.3%
6Reiner Klimke
1.3%
6Lyubov Yegorova
1.2%
7Viktor Chukarin
1.2%
6Gert Fredriksson
1.2%
6Akinori Nakayama
1.1%
6Lidia Skoblikova
1%
6Rudolf Kárpáti
1%

From the Vault

World Series Winner per President

by Hejman

Sports 2m
Not be confused with presidential winners.
Remove Ads.
Support Sporcle.
Get the best of Sporcle when you Go Orange. This ad-free experience offers more features, more stats, and more fun while also helping to support Sporcle. Thank you for becoming a member.

Show Comments

Extras

Top Quizzes Today


Score Distribution

Your Account Isn't Verified!

In order to create a playlist on Sporcle, you need to verify the email address you used during registration. Go to your Sporcle Settings to finish the process.

Report this User

Report this user for behavior that violates our Community Guidelines.

Details: